00870 2200337 4500001002100000005001700021008004100038020002200079035002400101040001300125041000800138082000800146090001400154100001800168245004900186250001100235260004300246300003400289504003000323600001900353990001600372990001600388990001600404990001600420990001600436990001600452990001600468990001600484990001600500990001600516YOGYA-1112000000039220121121112346.0 ind  a978-602-8533-34-8 0010-111200000000392 aYOPD DIY aIND a372 a372 Iva P aIVA Noorlaila aPanduan lengkap mengajar PAUDcIva Noorlaila aCet.1. aYogyakartabpinus book publisherc2010 a173 hlmbilusc21 cm (10 eks) aBibliografi : hlm.167-170 aAhmad cahyanto a201-PK/B.12 a202-PK/B.12 a203-PK/B.12 a204-PK/B.12 a205-PK/B.12 a206-PK/B.12 a207-PK/B.12 a208-PK/B.12 a209-PK/B.12 a210-PK/B.12